La administración pública del futuro: (Horizonte 2050). Instituciones, política, mercado y sociedad de la innovación

Uloženo v:
Podrobná bibliografie
Hlavní autor: Ramió, Carles
Médium: Neznámo
Jazyk:angličtina
španělština
Vydáno: Madrid, España Tecnos 2017
Vydání:Primera edición
Témata:
Tagy: Přidat tag
Žádné tagy, Buďte první, kdo vytvoří štítek k tomuto záznamu!

MARC

LEADER 00000 a2200000 4500
003 CL-VaPUC
005 20210521001534.0
008 200117b ||||| |||| 00| 0 eng d
999 |c 376122  |d 376120 
020 |a 9788430971930 
040 |c Pontificia Universidad Católica de Valparaíso 
041 0 |a spa 
082 |a 342 RAM 2017 
100 1 |a Ramió, Carles  |9 605030 
245 1 3 |a La administración pública del futuro: (Horizonte 2050). Instituciones, política, mercado y sociedad de la innovación 
250 |a Primera edición 
260 3 |b Tecnos  |c 2017  |a Madrid, España 
300 |a 246 p 
505 0 |a Capítulo 1. Los impredecibles cambios del futuro de carácter contextual. Capítulo 2. Capitalismo, globalización, infoeconomía, y economía colaborativa. Capítulo 3. Estado en crisis o estadio de crisis: inseguridad y demagogia. Capítulo 4. De la administración pública del pasado a la administración pública del futuro. Capítulo 5. Mercados y administración pública. Capítulo 6. La necesidad de diseñar unos nuevos valores públicos y la futura lucha contra la corrupción. Capítulo 7. Las características básicas de las organizaciones públicas del futuro: futuros diseños organizativos y nuevos empleados públicos 
583 |k Hugo Gaete  |c 20200117 
650 0 0 |a Administración pública   |9 255343 
650 0 0 |a Globalización  |9 361930 
650 0 0 |a Mercado  |9 321497 
650 0 0 |a Servicios públicos  |9 328528 
650 0 0 |a EMPLEADOS PUBLICOS  |9 256133 
942 |2 ddc  |c BK 
952 |0 0  |1 0  |2 ddc  |4 0  |6 342_000000000000000_RAM_2017  |7 0  |9 495292  |a BIBDER  |b BIBDER  |d 2020-01-02  |e 36  |g 17315.00  |i 5568870  |o 342 RAM 2017  |p 5568870  |r 2023-01-25  |t 1  |v 17315.00  |w 2020-01-02  |y BK  |k DER